Statistiken für Alle Offiziellen Sprachen Asiens

Klicken Sie hier um das Quiz zu spielen!

Allgemein

  • Dieses Quiz wurde 129 mal gespielt
  • Das Durchschnittsergebnis liegt bei 35 aus 48

Antworten auf der Karte

Die Antworten werden auf der Karte rot bzw. grün angezeigt, abhängig davon wie oft sie richtig erraten wurden.
 

Antwortstatistiken

Sprache% Korrekt
Arabisch
99%
Arabisch
99%
Arabisch
99%
Arabisch
99%
Arabisch
99%
Arabisch
99%
Arabisch
99%
Arabisch
99%
Arabisch
99%
Arabisch
99%
Arabisch/Kurdisch
99%
Hebräisch/Arabisch
99%
Türkisch
98%
Malaiisch/Englisch/Chinesisch/Tamil
97%
Japanisch
95%
Chinesisch
94%
Chinesisch
94%
Koreanisch
94%
Koreanisch
94%
Kasachisch/Russisch
91%
Thai
90%
Kirgisisch/Russisch
89%
Tadschikisch/Russisch
89%
Indonesisch
88%
Hindi/Englisch
87%
Mongolisch
84%
Vietnamesisch
82%
Armenisch
81%
Georgisch
75%
Urdu/Englisch
72%
Malaiisch/Englisch
71%
Persisch
68%
Usbekisch
68%
Griechisch
67%
Turkmenisch
64%
Aserbaidschanisch
63%
Fillipino/Englisch
63%
Laotisch
49%
Sinhala/Tamil
41%
Nepali
40%
Malaiisch
32%
Bengalisch
31%
Khmer
24%
Paschto/Dari
22%
Birmanisch
20%
Tetum/Portugiesisch
17%
Dzongkha
15%
Dhivehi
9%

Verteilung der Resultate

Perzentil nach korrekt beantworteten Fragen

Anzahl Personen mit jedem Resultat

Ihre Resultats-Entwicklung

Sie haben dieses Quiz noch nicht gespielt